Научный форум. Сибирь. Т. 7, № 2: Материалы научно-практической конференции с международным участием "Сибирская школа превентивной суицидологии и девиантологии. Осенняя сессия", 11 ноября 2021 г., г. Тюмень (Запись № 13139253)

Подробности
000 -МАРКЕР
контрольное поле 01638nam2a2200217 4500
001 - ИДЕНТИФИКАТОР ЗАПИСИ
контрольное поле RU\NLR\PER_A\011169609_000290
005 - ИДЕНТИФИКАТОР ВЕРСИИ
контрольное поле 20250624155621.0
035 ## - ДРУГИЕ СИСТЕМНЫЕ НОМЕРА
Идентификатор записи (NLR Aleph) 012786383
100 ## - ДАННЫЕ ОБЩЕЙ ОБРАБОТКИ
Данные общей обработки 20220513d2021 |||y0rusy50 ca
101 0# - ЯЗЫК РЕСУРСА
Язык текста, звукозаписи и т.д. русский
102 ## - СТРАНА ПУБЛИКАЦИИ ИЛИ ПРОИЗВОДСТВА
Страна публикации Российская Федерация
200 1# - ЗАГЛАВИЕ И СВЕДЕНИЯ ОБ ОТВЕТСТВЕННОСТИ
Основное заглавие Материалы научно-практической конференции с международным участием "Сибирская школа превентивной суицидологии и девиантологии. Осенняя сессия", 11 ноября 2021 г., г. Тюмень
Первые сведения об ответственности ФГБОУ ВО "Тюм. гос. мед. ун-т" Минздрава России
Последующие сведения об ответственности под ред. проф. П.Б. Зотова
210 ## - ПУБЛИКАЦИЯ, РАСПРОСТРАНЕНИЕ И ДР.
Дата издания, распространения и т.д. 2021
Место издания, распространения и т.д. Б. м.
461 #0 - УРОВЕНЬ НАБОРА
Встроенное поле 001RU\NLR\Per\1239966
-- 2001#$aНаучный форум. Сибирь$dScientific forum. Siberia$eпериодический журнал научных работ молодых ученых$zeng$vТ. 7, № 2
Системный номер (АБИС) связанной записи 11758652
Место публикации Тюмень
Дата публикации 2015 -
Параллельное заглавие Scientific forum. Siberia
Имя издателя, распространителя и т.д. Русарра
Сведения, относящиеся к заглавию периодический журнал научных работ молодых ученых
Заглавие Научный форум. Сибирь
Номер тома Т. 7, № 2
710 12 - НАИМЕНОВАНИЕ ОРГАНИЗАЦИИ - ПЕРВИЧНАЯ ОТВЕТСТВЕННОСТЬ
Начальный элемент ввода "Сибирская школа превентивной суицидологии и девиантологии. Осенняя сессия", научно-практическая конференция с международным участием
Место проведения временной организации Тюмень
Дата проведения временной организации 2021
Системный номер авторитетной/нормативной записи 796989
Идентификатор авторитетной/нормативной записи RU\NLR\AUTH\880565015
852 ## - МЕСТОНАХОЖДЕНИЕ И ШИФР ХРАНЕНИЯ
Идентификатор организации NLR
Шифр хранения (Call Number) П2/1205
942 ## - ДОПОЛНИТЕЛЬНЫЕ ЭЛЕМЕНТЫ ЗАПИСИ (АБИС)
Тип экземпляра АБИС Выпуск
980 ## - КОЛЛЕКЦИЯ
Название коллекции Национальная библиография
980 ## - КОЛЛЕКЦИЯ
Название коллекции Русская периодика

Нет доступных экземпляров.